<?xml version="1.0" encoding="UTF-8"?>
<collection xmlns="http://www.loc.gov/MARC21/slim">
<record>
  <controlfield tag="001">168588</controlfield>
  <controlfield tag="005">20260211123813.0</controlfield>
  <datafield tag="024" ind1="7" ind2=" ">
    <subfield code="2">doi</subfield>
    <subfield code="a">10.1016/j.aanat.2026.152783</subfield>
  </datafield>
  <datafield tag="024" ind1="8" ind2=" ">
    <subfield code="2">sideral</subfield>
    <subfield code="a">147998</subfield>
  </datafield>
  <datafield tag="037" ind1=" " ind2=" ">
    <subfield code="a">ART-2026-147998</subfield>
  </datafield>
  <datafield tag="041" ind1=" " ind2=" ">
    <subfield code="a">eng</subfield>
  </datafield>
  <datafield tag="100" ind1=" " ind2=" ">
    <subfield code="a">Latre-Navarro, Lorena</subfield>
    <subfield code="u">Universidad de Zaragoza</subfield>
    <subfield code="0">(orcid)0000-0003-3948-333X</subfield>
  </datafield>
  <datafield tag="245" ind1=" " ind2=" ">
    <subfield code="a">Neurocognitive outcomes of reinforced representational modelling in anatomical learning: The role of executive functions</subfield>
  </datafield>
  <datafield tag="260" ind1=" " ind2=" ">
    <subfield code="c">2026</subfield>
  </datafield>
  <datafield tag="520" ind1="3" ind2=" ">
    <subfield code="a">Purpose
This study examined neurocognitive outcomes of an innovative teaching approach in undergraduate anatomical education, focusing on executive functions with emphasis on cognitive flexibility. Reinforced representational modelling was implemented to assess its potential to support learning processes.
Methods
A quasi-experimental study involved first-year anatomy students from two universities (n = 116). Each institution delivered a single 30-hour program with different teaching methods: conventional lectures using 3D atlases and standard drawing tasks (control group) versus reinforced representational modelling (experimental group), taught by its regular instructor and aligned with its syllabus. Pre- and post-intervention outcomes were assessed using psychometric instruments: the Webexec scale for perceived executive difficulties and the Cognitive Flexibility Scale for cognitive flexibility. Statistical analyses included independent-samples t-tests, repeated-measures factorial ANCOVAs (time × treatment), and effect size estimations (Cohen’s d, partial η²).
Results
Perceived executive difficulties showed a strong time effect across both groups (F(1) = 20.28, p &lt; 0.001, η²p = 0.176), increasing over the course, whereas no treatment effect appeared after controlling for baseline differences. Cognitive flexibility was higher in the experimental group at post-test (p = 0.044, Cohen’s d = 0.36), although this advantage diminished once covariates were controlled.
Conclusions
Reinforced representational modelling may foster flexible learning strategies in anatomy education. Cognitive flexibility showed some responsiveness to the intervention, while increases in perceived executive difficulties likely reflect the cognitive demands of early anatomy learning. Although effects were modest and partly influenced by covariates and baseline differences, findings suggest that executive functioning remains a key neurocognitive determinant in anatomical learning.</subfield>
  </datafield>
  <datafield tag="506" ind1="0" ind2=" ">
    <subfield code="a">Access copy available to the general public</subfield>
    <subfield code="f">Unrestricted</subfield>
  </datafield>
  <datafield tag="536" ind1=" " ind2=" ">
    <subfield code="9">info:eu-repo/grantAgreement/ES/UZ/JIUZ2022-CSJ-20</subfield>
  </datafield>
  <datafield tag="540" ind1=" " ind2=" ">
    <subfield code="9">info:eu-repo/semantics/openAccess</subfield>
    <subfield code="a">by-nc-nd</subfield>
    <subfield code="u">https://creativecommons.org/licenses/by-nc-nd/4.0/deed.es</subfield>
  </datafield>
  <datafield tag="655" ind1=" " ind2="4">
    <subfield code="a">info:eu-repo/semantics/article</subfield>
    <subfield code="v">info:eu-repo/semantics/publishedVersion</subfield>
  </datafield>
  <datafield tag="700" ind1=" " ind2=" ">
    <subfield code="a">Quintas-Hijós, Alejandro</subfield>
    <subfield code="u">Universidad de Zaragoza</subfield>
    <subfield code="0">(orcid)0000-0003-4621-6993</subfield>
  </datafield>
  <datafield tag="710" ind1="2" ind2=" ">
    <subfield code="1">1003</subfield>
    <subfield code="2">027</subfield>
    <subfield code="a">Universidad de Zaragoza</subfield>
    <subfield code="b">Dpto. Anatom.Histolog.Humanas</subfield>
    <subfield code="c">Area Anatom.Embriol.Humana</subfield>
  </datafield>
  <datafield tag="710" ind1="2" ind2=" ">
    <subfield code="1">4001</subfield>
    <subfield code="2">215</subfield>
    <subfield code="a">Universidad de Zaragoza</subfield>
    <subfield code="b">Dpto. Ciencias de la Educación</subfield>
    <subfield code="c">Área Didáctica y Organiz. Esc.</subfield>
  </datafield>
  <datafield tag="773" ind1=" " ind2=" ">
    <subfield code="g">264 (2026), 152783 [8 pp.]</subfield>
    <subfield code="p">Ann. anat.</subfield>
    <subfield code="t">ANNALS OF ANATOMY-ANATOMISCHER ANZEIGER</subfield>
    <subfield code="x">0940-9602</subfield>
  </datafield>
  <datafield tag="856" ind1="4" ind2=" ">
    <subfield code="s">2615475</subfield>
    <subfield code="u">http://zaguan.unizar.es/record/168588/files/texto_completo.pdf</subfield>
    <subfield code="y">Versión publicada</subfield>
  </datafield>
  <datafield tag="856" ind1="4" ind2=" ">
    <subfield code="s">2441014</subfield>
    <subfield code="u">http://zaguan.unizar.es/record/168588/files/texto_completo.jpg?subformat=icon</subfield>
    <subfield code="x">icon</subfield>
    <subfield code="y">Versión publicada</subfield>
  </datafield>
  <datafield tag="909" ind1="C" ind2="O">
    <subfield code="o">oai:zaguan.unizar.es:168588</subfield>
    <subfield code="p">articulos</subfield>
    <subfield code="p">driver</subfield>
  </datafield>
  <datafield tag="951" ind1=" " ind2=" ">
    <subfield code="a">2026-02-11-10:27:47</subfield>
  </datafield>
  <datafield tag="980" ind1=" " ind2=" ">
    <subfield code="a">ARTICLE</subfield>
  </datafield>
</record>
</collection>